000 00229nam a2200121Ia 4500
100 _aSHOLOKHOV/STEPHEN
942 _cBK
245 _aVIRGIN SOIL UPTURNED
260 _b#N/A
300 _a332
546 _aENGLISH
999 _c26163
_d26163